| 000 | 00905cab a2200241 4500 | ||
|---|---|---|---|
| 001 | ABS55738 | ||
| 008 | 090401t1996 xxu||||| |||| 00| 0 eng d | ||
| 035 | _a(Sirsi) u18457 | ||
| 041 | _aeng | ||
| 100 | _aLee, M. | ||
| 245 | _aSMART way to bring on a new partner | ||
| 260 | _c1996 | ||
| 350 | _a0 | ||
| 490 |
_aProperty Week _v56(6) 9 August 1996, 16-17(2) |
||
| 520 | _aSuggests using SMART objectives as part of a new partner`s induction programme whether he or she is a former member of staff moved up to partner status or an outside appointment can be beneficial in helping them settle into their new position and take up the responsibilities which partnership involved. | ||
| 650 | _aINDUCTION | ||
| 650 | _aPARTNERS | ||
| 650 | _aPARTNERSHIP | ||
| 650 | _aPRACTICE MANAGEMENT | ||
| 690 | _aMANAGEMENT-BUSINESS MANAGEMENT-PROFESSIONAL PRACTICE | ||
| 942 | _n0 | ||
| 948 | _c04/03/1997 | ||
| 999 |
_c12270 _d12270 |
||